[Event "I Festival Torre delle Stelle A"]
[Site "Sinnai ITA"]
[Date "2011.06.25"]
[Round "5"]
[White "Bruno, Fabio"]
[Black "Du Plessis, Heinco"]
[Result "1/2-1/2"]
[WhiteElo "2459"]
[BlackElo "2120"]
[PlyCount "126"]
[EventDate "2011.06.22"]

1. Nf3 d5 2. b3 Bf5 3. Bb2 e6 4. d3 Nf6 5. Nbd2 Be7 6. g3 O-O 7. Bg2 h6 8. O-O
Nbd7 9. Qe1 c5 10. e4 Bg6 11. Qe2 d4 12. Nh4 Bh5 13. Bf3 Bxf3 14. Ndxf3 g5 15.
Ng2 e5 16. h4 Ne8 17. hxg5 hxg5 18. Nh2 Qb6 19. Qg4 Qe6 20. Bc1 Qxg4 21. Nxg4
Kg7 22. Ne1 Nd6 23. Nf3 f6 24. a4 Bd8 25. Bd2 a5 26. Nfh2 Bc7 27. Kg2 Kg6 28.
Rae1 Ne8 29. Bc1 Ng7 30. Ba3 Ne6 31. Nf3 Rh8 32. Rh1 Rab8 33. Rc1 Rxh1 34. Rxh1
b5 35. axb5 Rxb5 36. Nd2 Rb8 37. Nc4 Ra8 38. Nb2 Ng7 39. Na4 Bd6 40. Bc1 Nh5
41. Bd2 Ra6 42. Nb2 Bc7 43. Nc4 Nb8 44. Ra1 Nc6 45. f3 Ng7 46. Nf2 Ne6 47. Rh1
Ng7 48. Rh8 Nb4 49. Bxb4 axb4 50. Ng4 Kf7 51. Rc8 Ne8 52. f4 gxf4 53. gxf4 Ke7
54. fxe5 Kd7 55. Rxe8 Kxe8 56. exf6 Kf7 57. Kf3 Ra1 58. e5 Ke6 59. Kf4 Rf1+ 60.
Kg5 Rg1 61. Kh5 Rh1+ 62. Kg6 Rg1 63. Kh5 Rh1+ 1/2-1/2

[Event "I Festival Torre delle Stelle A"]
[Site "Sinnai ITA"]
[Date "2011.06.25"]
[Round "5"]
[White "Ciobanu, Camelia-Adriana"]
[Black "Caprio, Guido"]
[Result "1-0"]
[WhiteElo "2216"]
[BlackElo "2305"]
[PlyCount "74"]
[EventDate "2011.06.22"]

1. e4 c5 2. Nf3 d6 3. d4 cxd4 4. Nxd4 a6 5. c4 Nf6 6. Nc3 e6 7. Be2 Qc7 8. Be3
b6 9. O-O Bb7 10. f3 Be7 11. Rc1 Nbd7 12. Nd5 exd5 13. cxd5 Qd8 14. Nc6 Bxc6
15. dxc6 Nc5 16. b4 Ne6 17. c7 Qc8 18. Bxb6 O-O 19. Qa4 Nd7 20. Qc6 Nf4 21. Rf2
Bh4 22. Bf1 Nxb6 23. g3 Bf6 24. Qxb6 Nh3+ 25. Bxh3 Qxh3 26. Qxd6 Rfe8 27. Rd1
Qh6 28. f4 Rxe4 29. Qxa6 Ree8 30. Qb7 Qh3 31. b5 h5 32. Qd5 h4 33. b6 hxg3 34.
hxg3 Qxg3+ 35. Qg2 Qe3 36. b7 Rxa2 37. c8=Q Bd4 1-0

[Event "I Festival Torre delle Stelle A"]
[Site "Sinnai ITA"]
[Date "2011.06.25"]
[Round "5"]
[White "D'Orta, Antonio"]
[Black "Paulesu, Sebastiano"]
[Result "1/2-1/2"]
[WhiteElo "1922"]
[BlackElo "1926"]
[PlyCount "175"]
[EventDate "2011.06.22"]

1. e4 d5 2. e5 Bf5 3. d4 c5 4. c3 e6 5. Nf3 Nc6 6. Bb5 Qb6 7. Qa4 a6 8. Na3 c4
9. Bxc6+ bxc6 10. O-O Bd3 11. Re1 Ne7 12. b3 cxb3 13. axb3 Bb5 14. Nxb5 cxb5
15. Qa2 Ng6 16. Bd2 Be7 17. Qa5 Qb7 18. Reb1 O-O 19. c4 dxc4 20. bxc4 Qc6 21.
c5 Rfd8 22. Be3 Nh4 23. Nxh4 Bxh4 24. Rc1 Rd7 25. Qb6 Rc7 26. Rcb1 Qb7 27. Qxb7
Rxb7 28. c6 Rc7 29. Rxb5 Rxc6 30. d5 exd5 31. Rxd5 Be7 32. Rd7 Bb4 33. Rb7 Bf8
34. g3 Re6 35. Ra5 f6 36. exf6 Rxf6 37. Bd4 Re6 38. Kg2 Be7 39. h4 Bf6 40. Rd5
Re7 41. Rxe7 Bxe7 42. Kf3 a5 43. Rd7 Bf6 44. Bxf6 gxf6 45. h5 h6 46. Kf4 Ra6
47. Kf5 a4 48. Kg6 f5+ 49. Kxf5 a3 50. Rd1 a2 51. Ra1 Kf7 52. f4 Ra5+ 53. Ke4
Ke6 54. g4 Ra4+ 55. Ke3 Kf6 56. Kf3 Ra3+ 57. Kf2 Ra4 58. Kg3 Ra3+ 59. Kh2 Ra4
60. Kh3 Ra3+ 61. Kg2 Ra4 62. Kg3 Ra3+ 63. Kf2 Ra4 64. Kf3 Ra3+ 65. Ke4 Ra4+ 66.
Ke3 Ra3+ 67. Kd2 Ra4 68. Ke3 Ra3+ 69. Ke4 Ra4+ 70. Kf3 Ra3+ 71. Kg2 Ra4 72. Kg3
Ra3+ 73. Kf2 Ra4 74. Ke3 Ra3+ 75. Kd4 Ra4+ 76. Ke3 Ra3+ 77. Kd2 Rg3 78. Ke2 Rh3
79. Rg1 Rh2+ 80. Ke3 Rb2 81. g5+ Kf5 82. Ra1 hxg5 83. fxg5 Kxg5 84. Kd3 Kxh5
85. Kc3 Rg2 86. Kb3 Kg4 87. Rxa2 Rxa2 88. Kxa2 1/2-1/2

[Event "I Festival Torre delle Stelle A"]
[Site "Sinnai ITA"]
[Date "2011.06.25"]
[Round "5"]
[White "De Rosa, Mariagrazia"]
[Black "Piscopo, Pierluigi"]
[Result "0-1"]
[WhiteElo "2113"]
[BlackElo "2417"]
[PlyCount "66"]
[EventDate "2011.06.22"]

1. e4 c5 2. Nf3 Nc6 3. Nc3 Nf6 4. Bb5 Qc7 5. a4 Nd4 6. O-O a6 7. Bc4 e6 8. h3
d6 9. d3 Nc6 10. d4 cxd4 11. Nxd4 Be7 12. Nb3 b6 13. f4 Bb7 14. Bd3 O-O 15. Qe2
e5 16. f5 Nb4 17. g4 d5 18. g5 dxe4 19. Bc4 Rac8 20. gxf6 Bxf6 21. Nd2 e3 22.
Nde4 Qxc4 23. Qg4 Kh8 24. Bxe3 Nd5 25. Bg5 Nxc3 26. Nxf6 Ne2+ 27. Kf2 Qxg4 28.
Nxg4 Nd4 29. c3 Nxf5 30. Ke1 Ng3 31. Rg1 Ne4 32. Be3 Nc5 33. Nxe5 Rce8 0-1

[Event "I Festival Torre delle Stelle A"]
[Site "Sinnai ITA"]
[Date "2011.06.25"]
[Round "5"]
[White "Deruda, Leonardo"]
[Black "Belvisi, Ivano"]
[Result "1/2-1/2"]
[WhiteElo "1930"]
[BlackElo "2003"]
[PlyCount "92"]
[EventDate "2011.06.22"]

1. c4 Nf6 2. g3 e6 3. Bg2 d5 4. Nf3 c5 5. O-O Nc6 6. d4 cxd4 7. Nxd4 Bc5 8.
Nxc6 bxc6 9. Qc2 Bb6 10. Bg5 Bb7 11. Nc3 h6 12. Bf4 O-O 13. Na4 Ba5 14. Nc5 Qe7
15. Nxb7 Qxb7 16. Rab1 Rfc8 17. b4 Bc7 18. Be3 Bb6 19. Bd2 Bd8 20. Qd3 a5 21.
b5 cxb5 22. cxd5 Nxd5 23. Rxb5 Qa6 24. a4 Rab8 25. Rfb1 Nb4 26. Bxb4 axb4 27.
R5xb4 Rxb4 28. Rxb4 Rc1+ 29. Bf1 Qa8 30. e3 Be7 31. Rc4 Rxc4 32. Qxc4 Qa5 33.
Qb5 Qxb5 34. axb5 Bc5 35. Kg2 Kf8 36. Kf3 Ke7 37. h4 g5 38. hxg5 hxg5 39. Ke4
Kd6 40. Kd3 f5 41. f3 e5 42. Bg2 f4 43. exf4 exf4 44. g4 Kc7 45. Ke4 Kb6 46.
Bf1 Be7 1/2-1/2

[Event "I Festival Torre delle Stelle A"]
[Site "Sinnai ITA"]
[Date "2011.06.25"]
[Round "5"]
[White "Grinza, Andrea"]
[Black "Ibba, Isacco"]
[Result "1-0"]
[WhiteElo "2109"]
[BlackElo "2187"]
[PlyCount "63"]
[EventDate "2011.06.22"]

1. d4 f5 2. g3 Nf6 3. Bg2 g6 4. b3 Bg7 5. Bb2 O-O 6. Nd2 e6 7. Nh3 d5 8. Nf4
Qe7 9. O-O Nbd7 10. c4 c6 11. Qc1 g5 12. Nd3 Qf7 13. Nf3 h6 14. Nfe5 Nxe5 15.
dxe5 Nd7 16. f3 b6 17. e4 dxc4 18. Qxc4 f4 19. Bh3 Re8 20. gxf4 gxf4 21. Rad1
c5 22. Kh1 a5 23. Rg1 Ba6 24. Qc1 Bxd3 25. Rxd3 Kh7 26. Bf5+ Kh8 27. Bg6 Qe7
28. Bxe8 Rxe8 29. Qxf4 b5 30. Qg3 c4 31. bxc4 bxc4 32. Qxg7+ 1-0

[Event "I Festival Torre delle Stelle A"]
[Site "Sinnai ITA"]
[Date "2011.06.25"]
[Round "5"]
[White "Locci, Damiano"]
[Black "Ciampi, Vincenzo"]
[Result "0-1"]
[WhiteElo "2167"]
[BlackElo "2101"]
[PlyCount "92"]
[EventDate "2011.06.22"]

1. c4 b6 2. d4 e6 3. a3 Bb7 4. Nc3 f5 5. d5 Na6 6. g3 Nf6 7. Bg2 Be7 8. Nh3 O-O
9. O-O Qc8 10. Nf4 Nc5 11. b4 Nce4 12. Nxe4 Nxe4 13. Bb2 a5 14. Bxe4 fxe4 15.
Nh5 Qe8 16. Qd4 Qg6 17. Nf4 Rxf4 18. dxe6 dxe6 19. Qd7 Rf7 20. Be5 axb4 21.
axb4 Rxa1 22. Rxa1 Bd6 23. Qb5 Bxe5 24. Qxe5 Qf6 25. Qxf6 gxf6 26. b5 Rd7 27.
Ra7 c6 28. bxc6 Bxc6 29. Ra6 Rd1+ 30. Kg2 Rc1 31. Rxb6 Rxc4 32. Kh3 Kf7 33. e3
Bd5 34. Rb2 Kg6 35. Kg4 Rc1 36. Kh3 Bc4 37. Kg4 Bd3 38. Ra2 Rc2 39. Rxc2 Bxc2
40. f4 exf3 41. Kxf3 Kf5 42. g4+ Ke5 43. h4 Bd1+ 44. Kg3 Ke4 45. g5 fxg5 46.
hxg5 Kf5 0-1

[Event "I Festival Torre delle Stelle A"]
[Site "Sinnai ITA"]
[Date "2011.06.25"]
[Round "5"]
[White "Mallo', Danilo"]
[Black "Huguet, Sergio"]
[Result "1/2-1/2"]
[WhiteElo "1930"]
[BlackElo "2139"]
[PlyCount "76"]
[EventDate "2011.06.22"]

1. d4 d5 2. c4 e5 3. dxe5 d4 4. Nf3 Nc6 5. a3 Bg4 6. Bf4 Nge7 7. Qb3 Qd7 8.
Nbd2 Ng6 9. e3 Be7 10. Be2 O-O-O 11. O-O-O Na5 12. Qb5 Qxb5 13. cxb5 d3 14. Bf1
Rd5 15. b4 Rhd8 16. Kb2 Rxb5 17. Rc1 Nc6 18. Rc3 Rbd5 19. e4 R5d7 20. b5 Nd4
21. Nxd4 Nxf4 22. N4b3 Ng6 23. f3 Be6 24. Nc5 Rd4 25. Nxe6 fxe6 26. g3 Nxe5 27.
Bh3 Bf6 28. Bxe6+ Kb8 29. f4 Nd7 30. Bxd7 R8xd7 31. e5 Be7 32. Kb3 R4d5 33. a4
Bc5 34. Rd1 b6 35. Ne4 Be7 36. Nd2 Bc5 37. Ne4 Be7 38. Nd2 Bc5 1/2-1/2

[Event "I Festival Torre delle Stelle A"]
[Site "Sinnai ITA"]
[Date "2011.06.25"]
[Round "5"]
[White "Manca, Luca"]
[Black "Mameli, Gianluca"]
[Result "0-1"]
[WhiteElo "1995"]
[BlackElo "1945"]
[PlyCount "60"]
[EventDate "2011.06.22"]

1. e4 e6 2. d4 d5 3. e5 c5 4. c3 Nc6 5. Nf3 Nge7 6. Bg5 Qb6 7. Bxe7 Bxe7 8. Qd2
f6 9. Be2 fxe5 10. dxe5 O-O 11. O-O Qc7 12. Qe3 b6 13. Nbd2 Bb7 14. Bd3 Rad8
15. Rad1 Qc8 16. Rfe1 Ba6 17. Bb1 d4 18. Qe4 g6 19. h4 Rf7 20. Qg4 d3 21. Ne4
Rdf8 22. h5 Rg7 23. h6 Rgf7 24. Neg5 Rf5 25. Bxd3 Bxd3 26. Rxd3 Bxg5 27. Nxg5
Nxe5 28. Qg3 Nxd3 29. Rxe6 Rxg5 30. Qxg5 Qxe6 0-1

[Event "I Festival Torre delle Stelle A"]
[Site "Sinnai ITA"]
[Date "2011.06.25"]
[Round "5"]
[White "Mariotti, Sergio"]
[Black "Brunello, Sabino"]
[Result "0-1"]
[WhiteElo "2329"]
[BlackElo "2537"]
[PlyCount "96"]
[EventDate "2011.06.22"]

1. d4 Nf6 2. Nf3 e6 3. c4 c5 4. e3 cxd4 5. exd4 d5 6. Nc3 Be7 7. a3 O-O 8. Bd3
dxc4 9. Bxc4 b6 10. Qe2 Nc6 11. Be3 Bb7 12. O-O Qc7 13. Rac1 Rad8 14. h3 Qb8
15. Rfd1 Qa8 16. Ba6 Bxa6 17. Qxa6 Nd5 18. Nxd5 Rxd5 19. Rd2 Bf6 20. Rdc2 Ra5
21. Qd3 Ne7 22. Bd2 Rf5 23. Bb4 Rd8 24. Bxe7 Bxe7 25. Qa6 Ra5 26. Qc8 Qd5 27.
Qc7 Bf6 28. Ne5 Bxe5 29. dxe5 h5 30. Qe7 Rd7 31. Qe8+ Kh7 32. Rc8 Rc5 33. R8xc5
bxc5 34. Rxc5 Qd1+ 35. Kh2 Qd4 36. Rc4 Qxe5+ 37. f4 Qd5 38. Rc5 Qxc5 39. Qxd7
Qf5 40. Qxa7 Qxf4+ 41. Kh1 e5 42. b4 e4 43. Qd4 g5 44. Kg1 Kg6 45. b5 g4 46.
hxg4 hxg4 47. b6 g3 48. Qb2 Qh6 0-1

[Event "I Festival Torre delle Stelle A"]
[Site "Sinnai ITA"]
[Date "2011.06.25"]
[Round "5"]
[White "Markos, Jan"]
[Black "Timman, Jan Hendrik"]
[Result "1-0"]
[WhiteElo "2568"]
[BlackElo "2577"]
[PlyCount "65"]
[EventDate "2011.06.22"]

1. d4 Nf6 2. c4 e6 3. Nc3 Bb4 4. Qc2 d6 5. e3 c5 6. Bd3 O-O 7. Nge2 Nbd7 8. O-O
d5 9. Rd1 cxd4 10. exd4 dxc4 11. Bxc4 Nb6 12. Bb3 Nfd5 13. Nf4 Bd6 14. Qe4 Nxc3
15. bxc3 Qc7 16. Rd3 g6 17. Nh3 f5 18. Qf3 Bxh2+ 19. Kh1 Bd6 20. Bh6 Bd7 21.
Bxf8 Rxf8 22. Ng5 Nc4 23. Qe2 b5 24. Rh3 Qd8 25. Nxe6 Qe7 26. Re1 Rc8 27. Nc5
Qxe2 28. Rxe2 Bxc5 29. dxc5 f4 30. Rd3 Bf5 31. Rd4 f3 32. Re7 fxg2+ 33. Kxg2
1-0

[Event "I Festival Torre delle Stelle A"]
[Site "Sinnai ITA"]
[Date "2011.06.25"]
[Round "5"]
[White "Zuccarelli, Angelo"]
[Black "Sollai, Matteo"]
[Result "1-0"]
[WhiteElo "1897"]
[BlackElo "1805"]
[PlyCount "49"]
[EventDate "2011.06.22"]

1. e4 Nc6 2. d4 d5 3. e5 f6 4. f4 Nh6 5. Nf3 Bf5 6. Bd3 Qd7 7. c3 O-O-O 8. Qc2
e6 9. Nbd2 g5 10. fxg5 fxg5 11. Nxg5 Rg8 12. Ndf3 Be7 13. Bd2 Rg7 14. O-O-O
Rdg8 15. Bxf5 Nxf5 16. g4 Nh6 17. h3 Rg6 18. Nxh7 R8g7 19. g5 Nf5 20. Nf6 Qd8
21. h4 Ng3 22. Rh3 Bxf6 23. exf6 Rxf6 24. gxf6 Qxf6 25. Ng5 1-0

[Event "I Festival Torre delle Stelle A"]
[Site "Sinnai ITA"]
[Date "2011.06.25"]
[Round "6"]
[White "Belvisi, Ivano"]
[Black "Caprio, Guido"]
[Result "1/2-1/2"]
[WhiteElo "2003"]
[BlackElo "2305"]
[PlyCount "74"]
[EventDate "2011.06.22"]

1. d4 Nf6 2. c4 c6 3. Nc3 d5 4. cxd5 cxd5 5. Bf4 Nc6 6. e3 e6 7. Nf3 Be7 8. h3
Bd6 9. Bxd6 Qxd6 10. Bd3 Bd7 11. O-O O-O-O 12. Rc1 Kb8 13. Bb5 Ng8 14. Bxc6
Bxc6 15. Ne5 Be8 16. Qb3 Qa6 17. Rfd1 Ne7 18. Nd3 b6 19. Nb4 Qb7 20. a4 Rc8 21.
Qa3 Rc4 22. b3 Rc7 23. Nca2 Nc6 24. Nxc6+ Bxc6 25. b4 a6 26. a5 Rhc8 27. axb6
Qxb6 28. Rc5 Bb5 29. Nc3 Bc4 30. Na4 Qb7 31. Nb2 Bb5 32. Rdc1 Rc6 33. Qc3 f6
34. Qc2 g5 35. Qd2 Qg7 36. R1c2 Qg6 37. Qc1 Kb7 1/2-1/2

[Event "I Festival Torre delle Stelle A"]
[Site "Sinnai ITA"]
[Date "2011.06.25"]
[Round "6"]
[White "Ciampi, Vincenzo"]
[Black "Bonugli, Carlo"]
[Result "1/2-1/2"]
[WhiteElo "2101"]
[BlackElo "2047"]
[PlyCount "85"]
[EventDate "2011.06.22"]

1. d4 Nf6 2. Nf3 c5 3. d5 e6 4. c4 exd5 5. cxd5 d6 6. Nc3 g6 7. e4 Bg7 8. Be2
O-O 9. O-O Na6 10. Nd2 Nc7 11. a4 a6 12. Nc4 Rb8 13. a5 Nb5 14. f3 Ne8 15. Nxb5
axb5 16. Nb6 Nc7 17. Qc2 Re8 18. f4 Bd4+ 19. Kh1 b4 20. Bd3 Bd7 21. Bd2 Bb5 22.
Nc4 Ba6 23. Rae1 Nb5 24. e5 Kg7 25. f5 dxe5 26. f6+ Kg8 27. Re4 Nc7 28. d6 Ne6
29. Rf3 Nf4 30. Bxf4 exf4 31. Re7 Bxf6 32. Rxe8+ Qxe8 33. Rxf4 Bd4 34. Rf1 Qf8
35. d7 Bb5 36. Nb6 Bc6 37. Re1 Rd8 38. Bc4 Bxd7 39. Rf1 Be8 40. Qe4 Qd6 41.
Qxb7 Bc6 42. Qxf7+ Kh8 43. b3 1/2-1/2

[Event "I Festival Torre delle Stelle A"]
[Site "Sinnai ITA"]
[Date "2011.06.25"]
[Round "6"]
[White "Ciobanu, Camelia-Adriana"]
[Black "Bruno, Fabio"]
[Result "1/2-1/2"]
[WhiteElo "2216"]
[BlackElo "2459"]
[PlyCount "100"]
[EventDate "2011.06.22"]

1. d4 d5 2. c4 e6 3. Nc3 c6 4. cxd5 exd5 5. Nf3 Bf5 6. Bf4 Qb6 7. Qc1 Nd7 8. e3
Ngf6 9. h3 h6 10. Be2 Be7 11. O-O O-O 12. a3 a5 13. Na4 Qa7 14. Be5 Rfe8 15.
Bxf6 Bxf6 16. b4 b5 17. Nc5 Nxc5 18. bxc5 Qd7 19. Kh2 Bd8 20. Ne5 Qc7 21. f4
Be4 22. Bh5 Rf8 23. Qe1 Bf6 24. Kg1 Bxe5 25. fxe5 Qe7 26. Bg4 f6 27. Qh4 Ra7
28. exf6 Rxf6 29. Rxf6 Qxf6 30. Qxf6 gxf6 31. Kf2 Kf7 32. Kg3 Ke7 33. Kf4 Rb7
34. Bf3 Bg6 35. Ra2 Rb8 36. Rb2 b4 37. axb4 axb4 38. Bd1 Bd3 39. Ba4 Kd7 40.
Bc2 Bxc2 41. Rxc2 b3 42. Rb2 Ke6 43. Kg4 h5+ 44. Kf4 Rb7 45. h4 f5 46. Kg5 Rb8
47. g3 Rg8+ 48. Kf4 Rb8 49. Kg5 Rg8+ 50. Kf4 Rb8 1/2-1/2

[Event "I Festival Torre delle Stelle A"]
[Site "Sinnai ITA"]
[Date "2011.06.25"]
[Round "6"]
[White "D'Orta, Antonio"]
[Black "Manca, Luca"]
[Result "1-0"]
[WhiteElo "1922"]
[BlackElo "1995"]
[PlyCount "71"]
[EventDate "2011.06.22"]

1. e4 e5 2. Nf3 Nc6 3. Bb5 d6 4. d4 exd4 5. Nxd4 Bd7 6. Nxc6 bxc6 7. Bd3 Rb8 8.
O-O g6 9. Bd2 Bg7 10. Bc3 Bxc3 11. Nxc3 Rxb2 12. Bc4 Rb4 13. Qd4 f6 14. Bf7+
Kxf7 15. Qxb4 Ne7 16. Rab1 f5 17. f3 Be6 18. Qa5 d5 19. Rb7 Qd6 20. Rxc7 a6 21.
Rb7 Re8 22. exd5 cxd5 23. Re1 Bc8 24. Qc7 Qf6 25. Rb6 Qd4+ 26. Kf1 g5 27. Rd6
a5 28. Nxd5 Ba6+ 29. Rxa6 Qxd5 30. c4 Qd3+ 31. Kg1 Kf8 32. Rf6+ Kg8 33. Qe5
Qxc4 34. Rxf5 h6 35. Rf6 Qc2 36. Rxh6 1-0

[Event "I Festival Torre delle Stelle A"]
[Site "Sinnai ITA"]
[Date "2011.06.25"]
[Round "6"]
[White "Huguet, Sergio"]
[Black "Grinza, Andrea"]
[Result "0-1"]
[WhiteElo "2139"]
[BlackElo "2109"]
[PlyCount "106"]
[EventDate "2011.06.22"]

1. e4 c6 2. d4 d5 3. Nc3 dxe4 4. Nxe4 Bf5 5. Ng3 Bg6 6. Bc4 e6 7. N1e2 Nf6 8.
Nf4 Bd6 9. c3 Nbd7 10. O-O Qc7 11. Qf3 O-O-O 12. Re1 Kb8 13. Bb3 e5 14. Nxg6
fxg6 15. Be3 exd4 16. Bxd4 c5 17. Be3 Ne5 18. Qe2 Neg4 19. Rad1 Rhe8 20. Qc4
Nxe3 21. Rxe3 Rxe3 22. fxe3 Re8 23. Nf1 a6 24. h3 g5 25. Qd3 Rd8 26. Qf5 c4 27.
Bc2 h6 28. Qe6 Qc6 29. Kh1 h5 30. Rd4 b5 31. e4 Qd7 32. Qxd7 Rxd7 33. Ne3 Bc5
34. Rxd7 Nxd7 35. Nf5 g6 36. Nd4 Ne5 37. Kg1 Nc6 38. Kf1 Bxd4 39. cxd4 Nxd4 40.
Bb1 Nc6 41. Kf2 Ne5 42. Ke3 Kc7 43. h4 gxh4 44. Kf4 Kd6 45. Kg5 Ke6 46. Bc2 a5
47. b3 c3 48. a3 b4 49. axb4 axb4 50. Kxh4 Kf6 51. Kg3 g5 52. Kf2 Nc6 53. Bd3
Nd4 0-1

[Event "I Festival Torre delle Stelle A"]
[Site "Sinnai ITA"]
[Date "2011.06.25"]
[Round "6"]
[White "Ibba, Isacco"]
[Black "Deruda, Leonardo"]
[Result "1-0"]
[WhiteElo "2187"]
[BlackElo "1930"]
[PlyCount "83"]
[EventDate "2011.06.22"]

1. e4 c5 2. Nf3 g6 3. Bc4 Bg7 4. O-O e6 5. Re1 Ne7 6. c3 O-O 7. d4 cxd4 8. cxd4
d5 9. exd5 exd5 10. Bb3 Nbc6 11. h3 h6 12. Nc3 Be6 13. Be3 Nf5 14. Qd2 Nxe3 15.
fxe3 Na5 16. Bd1 Nc4 17. Qf2 Rc8 18. Bb3 a6 19. e4 dxe4 20. Nxe4 Bd5 21. Rad1
Re8 22. Bxc4 Rxc4 23. Ne5 Rc7 24. Nc3 Rce7 25. Rf1 Rf8 26. Qf4 Kh7 27. b3 f6
28. Nxg6 Kxg6 29. Qf5+ Kf7 30. Nxd5 Re6 31. Nf4 Rd6 32. d5 Re8 33. Ne6 Qb6+ 34.
Kh1 Rdxe6 35. dxe6+ Qxe6 36. Rd7+ Re7 37. Rxe7+ Qxe7 38. Rd1 Kg8 39. Rd7 Qe1+
40. Kh2 Qe5+ 41. Qxe5 fxe5 42. Rxb7 1-0

[Event "I Festival Torre delle Stelle A"]
[Site "Sinnai ITA"]
[Date "2011.06.25"]
[Round "6"]
[White "Mameli, Gianluca"]
[Black "De Rosa, Mariagrazia"]
[Result "0-1"]
[WhiteElo "1945"]
[BlackElo "2113"]
[PlyCount "42"]
[EventDate "2011.06.22"]

1. e4 c5 2. Nf3 d6 3. b4 cxb4 4. d4 Nf6 5. Bd3 Nc6 6. O-O Bg4 7. Be3 e6 8. a3
bxa3 9. c4 Be7 10. Qa4 Bxf3 11. gxf3 O-O 12. Nxa3 e5 13. d5 Nd4 14. Bxd4 exd4
15. Rfb1 b6 16. Nb5 Nh5 17. Nxa7 Bf6 18. Qb3 Be5 19. Nc6 Qg5+ 20. Kh1 Nf4 21.
Rg1 Rxa1 0-1

[Event "I Festival Torre delle Stelle A"]
[Site "Sinnai ITA"]
[Date "2011.06.25"]
[Round "6"]
[White "Paulesu, Sebastiano"]
[Black "Zuccarelli, Angelo"]
[Result "1/2-1/2"]
[WhiteElo "1926"]
[BlackElo "1897"]
[PlyCount "33"]
[EventDate "2011.06.22"]

1. e4 c5 2. b4 e5 3. bxc5 Bxc5 4. Nf3 Nc6 5. Bc4 Nf6 6. Nc3 d6 7. O-O Bg4 8.
Be2 h6 9. d3 a6 10. Be3 Ba7 11. Qd2 O-O 12. Nd1 Kh7 13. Bxa7 Rxa7 14. Ne3 Be6
15. a4 b6 16. c4 Qd7 17. Rfb1 1/2-1/2

[Event "I Festival Torre delle Stelle A"]
[Site "Sinnai ITA"]
[Date "2011.06.25"]
[Round "6"]
[White "Piscopo, Pierluigi"]
[Black "Mariotti, Sergio"]
[Result "1-0"]
[WhiteElo "2417"]
[BlackElo "2329"]
[PlyCount "29"]
[EventDate "2011.06.22"]

1. e4 c5 2. Nf3 d6 3. d4 cxd4 4. Nxd4 Nf6 5. Nc3 a6 6. Bg5 e6 7. Qe2 Be7 8. f4
h6 9. Bxf6 Bxf6 10. O-O-O Nd7 11. e5 dxe5 12. fxe5 Bxe5 13. Nxe6 fxe6 14. Qh5+
Kf8 15. Qxe5 1-0

[Event "I Festival Torre delle Stelle A"]
[Site "Sinnai ITA"]
[Date "2011.06.25"]
[Round "6"]
[White "Shytaj, Luca"]
[Black "Brunello, Sabino"]
[Result "1/2-1/2"]
[WhiteElo "2494"]
[BlackElo "2537"]
[PlyCount "50"]
[EventDate "2011.06.22"]

1. e4 c6 2. d4 d5 3. Nc3 dxe4 4. Nxe4 Bf5 5. Ng3 Bg6 6. h4 h6 7. Nf3 Nd7 8. h5
Bh7 9. Bd3 Bxd3 10. Qxd3 e6 11. Bd2 Ngf6 12. O-O-O Be7 13. Ne4 Nxe4 14. Qxe4
Nf6 15. Qd3 Ng4 16. Qe2 Qd5 17. Kb1 O-O-O 18. Be3 Qf5 19. Nh2 Nxh2 20. Rxh2
Rhe8 21. g4 Qd5 22. Rhh1 f5 23. Bf4 Bf6 24. f3 fxg4 25. fxg4 Qb5 1/2-1/2

[Event "I Festival Torre delle Stelle A"]
[Site "Sinnai ITA"]
[Date "2011.06.26"]
[Round "7"]
[White "Belvisi, Ivano"]
[Black "Mallo', Danilo"]
[Result "1/2-1/2"]
[WhiteElo "2003"]
[BlackElo "1930"]
[PlyCount "37"]
[EventDate "2011.06.22"]

1. d4 d5 2. c4 c6 3. cxd5 cxd5 4. Nc3 Nf6 5. Nf3 Nc6 6. Bf4 e6 7. e3 Bd6 8.
Bxd6 Qxd6 9. Bb5 Bd7 10. O-O O-O 11. Rc1 Rfc8 12. Qe2 a6 13. Bxc6 Bxc6 14. Ne5
b5 15. Nxc6 Rxc6 16. a3 Rac8 17. Na2 Rxc1 18. Rxc1 Rxc1+ 19. Nxc1 1/2-1/2

[Event "I Festival Torre delle Stelle A"]
[Site "Sinnai ITA"]
[Date "2011.06.26"]
[Round "7"]
[White "Bonugli, Carlo"]
[Black "Ibba, Isacco"]
[Result "1-0"]
[WhiteElo "2047"]
[BlackElo "2187"]
[PlyCount "91"]
[EventDate "2011.06.22"]

1. e4 Nf6 2. e5 Nd5 3. d4 d6 4. c4 Nb6 5. exd6 cxd6 6. Nc3 g6 7. Nf3 Bg7 8. Be2
O-O 9. O-O Nc6 10. b3 Bg4 11. Be3 e6 12. Qd2 d5 13. c5 Nc8 14. b4 a6 15. Rab1
N8e7 16. h3 Bxf3 17. Bxf3 Nf5 18. Ne2 Nh4 19. Bg4 f5 20. Bg5 Bf6 21. Bxh4 Bxh4
22. Bf3 Bg5 23. Qd3 Qf6 24. a4 Bh6 25. Rfd1 Rfd8 26. Rb3 Bg7 27. Qc3 Qf7 28.
Qe3 Kh8 29. b5 axb5 30. axb5 Nxd4 31. Nxd4 e5 32. Rdb1 exd4 33. Qd3 Qc7 34. Rc1
Qf4 35. Rbb1 Ra2 36. c6 Rd2 37. Qb3 d3 38. c7 Rc8 39. Qxd5 Be5 40. g3 Qd4 41.
Qxd4 Bxd4 42. Bxb7 Bb2 43. Bxc8 Bxc1 44. Rxc1 Rc2 45. Rd1 Rxc7 46. Ba6 1-0

[Event "I Festival Torre delle Stelle A"]
[Site "Sinnai ITA"]
[Date "2011.06.26"]
[Round "7"]
[White "Bruno, Fabio"]
[Black "Kogan, Artur"]
[Result "0-1"]
[WhiteElo "2459"]
[BlackElo "2556"]
[PlyCount "74"]
[EventDate "2011.06.22"]

1. Nf3 d5 2. d4 Nf6 3. c4 dxc4 4. e3 Bg4 5. Bxc4 e6 6. h3 Bh5 7. Nc3 Nbd7 8.
O-O Bb4 9. Qb3 c5 10. a3 Bxc3 11. bxc3 Bxf3 12. gxf3 Qc7 13. Rd1 O-O 14. a4
Rfc8 15. Bf1 Ne8 16. f4 Nd6 17. Bg2 Rab8 18. d5 e5 19. fxe5 Nxe5 20. c4 f5 21.
Ra2 Nexc4 22. Rc2 Ne5 23. Qc3 Qe7 24. Bb2 Ng6 25. f3 Rc7 26. e4 Re8 27. Re1 Qh4
28. e5 Nf4 29. Rd1 Nf7 30. e6 Ng5 31. d6 Ngxh3+ 32. Kf1 Nh5 33. Bxh3 Qxh3+ 34.
Rg2 Nf4 35. Rdd2 Rxe6 36. Rdf2 Rd7 37. Qc4 Rdxd6 0-1

[Event "I Festival Torre delle Stelle A"]
[Site "Sinnai ITA"]
[Date "2011.06.26"]
[Round "7"]
[White "Caprio, Guido"]
[Black "D'Orta, Antonio"]
[Result "1-0"]
[WhiteElo "2305"]
[BlackElo "1922"]
[PlyCount "63"]
[EventDate "2011.06.22"]

1. d4 d5 2. c4 c6 3. Nc3 Nf6 4. e3 e6 5. Nf3 Bd6 6. Qc2 Nbd7 7. b3 b6 8. Bd3
Bb7 9. O-O Rc8 10. Bb2 O-O 11. Rad1 Qc7 12. Qb1 Rfe8 13. Rfe1 e5 14. cxd5 Nxd5
15. Bxh7+ Kf8 16. Nxd5 cxd5 17. Bf5 e4 18. Ne5 Nxe5 19. dxe5 Bxe5 20. Bxe5 Rxe5
21. Bxc8 Bxc8 22. Rc1 Qd8 23. Qc2 Ba6 24. Qc7 Qe8 25. Qxa7 Bd3 26. h3 Re7 27.
Qxb6 g6 28. Qd4 Re5 29. f4 Rh5 30. Rc7 Kg8 31. Rec1 Kh7 32. Rc8 1-0

[Event "I Festival Torre delle Stelle A"]
[Site "Sinnai ITA"]
[Date "2011.06.26"]
[Round "7"]
[White "De Rosa, Mariagrazia"]
[Black "Ciobanu, Camelia-Adriana"]
[Result "1/2-1/2"]
[WhiteElo "2113"]
[BlackElo "2216"]
[PlyCount "30"]
[EventDate "2011.06.22"]

1. e4 e6 2. Nf3 d5 3. Nc3 Nf6 4. e5 Nfd7 5. d4 h6 6. Bd3 a6 7. Ne2 c5 8. c3 Nc6
9. a3 cxd4 10. cxd4 Nb6 11. Nf4 Qc7 12. O-O Bd7 13. Bd2 Rc8 14. Rc1 Qb8 15. Nh5
Na7 1/2-1/2

[Event "I Festival Torre delle Stelle A"]
[Site "Sinnai ITA"]
[Date "2011.06.26"]
[Round "7"]
[White "Huguet, Sergio"]
[Black "Ciampi, Vincenzo"]
[Result "1/2-1/2"]
[WhiteElo "2139"]
[BlackElo "2101"]
[PlyCount "72"]
[EventDate "2011.06.22"]

1. d4 e6 2. e3 b6 3. f4 Bb7 4. Nf3 Nf6 5. Bd3 d6 6. O-O g6 7. c4 Bg7 8. Nc3 O-O
9. e4 Nc6 10. e5 dxe5 11. fxe5 Ne8 12. Be3 f6 13. exf6 Nxf6 14. Bc2 Ng4 15. Qd2
Na5 16. Bg5 Qd7 17. Ba4 Bc6 18. Bxc6 Nxc6 19. h3 h6 20. hxg4 hxg5 21. Rad1 Rf4
22. d5 Nd4 23. dxe6 Qxe6 24. Nxg5 Rxf1+ 25. Rxf1 Qxg4 26. Rf4 Qd7 27. Nd5 c5
28. Rf7 Qd6 29. Qf2 Nf5 30. Qf3 Re8 31. Rxf5 gxf5 32. Qh5 Re1+ 33. Kf2 Re5 34.
Qf7+ Kh8 35. Qh5+ Kg8 36. Qf7+ Kh8 1/2-1/2